| 000 | 00681nam a22001817a 4500 | ||
|---|---|---|---|
| 999 |
_c531425 _d531425 |
||
| 003 | NUST | ||
| 005 | 20191016103851.0 | ||
| 038 | _aMSOHAIL | ||
| 082 | _a0 | ||
| 100 |
_aProf. Usman Ali _921006 |
||
| 245 | _aQaraquram ke qabail | ||
| 260 |
_aLahore _bSang-e-Meel _c2000 |
||
| 300 |
_a583,p; _c22cm _eH.B. |
||
| 440 |
_p Clans -- Karakoram Range Region -- History. Clans -- Pakistan -- Northern Areas -- History. Clans. _924106 |
||
| 500 | _a Historical background of the tribes living near the Karaqoram Range in Northern Areas, Pakistan. | ||
| 504 | _a Clans -- Karakoram Range Region -- History. Clans -- Pakistan -- Northern Areas -- History. Clans. | ||
| 942 |
_2ddc _cBK |
||